000 003910000a22001450004500
003 MACL
040 _aMACL
090 _c5872
_d5871
100 _aNational Library Employes Association
245 _aSeminar on the Role of the Nationl Library of Idia
260 _bNational Library Employees Association
_c1978
350 _a20
650 _aLibrary & Information Sciences
942 _cBOOK
_k20
999 _c5829
_d5829